|
|
|
|
| LEADER |
01925nam a2200493 a 4500 |
| 001 |
nkc20112266610 |
| 003 |
CZ PrNK |
| 005 |
20120330124112.0 |
| 007 |
ta |
| 008 |
111219s2011 xr a f 001 0 eng |
| 015 |
|
|
|a cnb002266610
|
| 020 |
|
|
|a 978-80-248-2537-3
|q (brož.)
|
| 035 |
|
|
|a (OCoLC)791310789
|
| 040 |
|
|
|a ABA001
|b cze
|
| 043 |
|
|
|a dd-----
|
| 072 |
|
7 |
|a 336.1/.5
|x Veřejné finance
|2 Konspekt
|9 4
|
| 080 |
|
|
|a 336.22
|2 MRF
|
| 080 |
|
|
|a 336.22.02
|2 MRF
|
| 080 |
|
|
|a (1-775)
|2 MRF
|
| 080 |
|
|
|a (048.8:082)
|2 MRF
|
| 245 |
0 |
0 |
|a Tax burden in OECD countries :
|b WTI application /
|c Zuzana Machová ... [et al.]
|
| 250 |
|
|
|a 1. vyd.
|
| 260 |
|
|
|a Ostrava :
|b VŠB-TU Ostrava,
|c 2011
|
| 300 |
|
|
|a xii, 131 s. :
|b il. ;
|c 24 cm
|
| 490 |
1 |
|
|a Series on Advanced Economic Issues
|
| 500 |
|
|
|a 300 výt.
|
| 504 |
|
|
|a Obsahuje bibliografii, bibliografické odkazy a rejstřík
|
| 550 |
|
|
|a Vydavatel: Vysoká škola báňská - Technická univerzita Ostrava, Ekonomická fakulta
|
| 650 |
0 |
7 |
|a daně
|7 ph114293
|z země OECD
|2 czenas
|
| 650 |
0 |
7 |
|a daňová politika
|7 ph361996
|z země OECD
|2 czenas
|
| 650 |
0 |
9 |
|a taxation
|z OECD countries
|2 eczenas
|
| 650 |
0 |
9 |
|a tax policy
|z OECD countries
|2 eczenas
|
| 653 |
0 |
|
|a daňové zatížení
|
| 655 |
|
7 |
|a kolektivní monografie
|7 fd501537
|2 czenas
|
| 655 |
|
9 |
|a collective monographs
|2 eczenas
|
| 700 |
1 |
|
|a Machová, Zuzana
|7 ola2012687165
|4 aut
|
| 710 |
2 |
|
|a Vysoká škola báňská - Technická univerzita Ostrava.
|b Ekonomická fakulta
|7 kn20010709388
|
| 810 |
2 |
|
|a Vysoká škola báňská - Technická univerzita Ostrava.
|b Ekonomická fakulta.
|t Series on advanced economic issues
|0 s
|
| 910 |
2 |
|
|a BOA001
|b 2-1278.996
|
| 928 |
9 |
|
|a Vysoká škola báňská - Technická univerzita Ostrava
|
| 990 |
|
|
|a BK
|
| 995 |
|
|
|a 01
|
| 991 |
|
|
|b 201203
|c NOV
|e n
|
| 996 |
6 |
|
|b 2610502226
|c 2-1278.996
|l MZK
|r Sklad / do 1 hodiny
|n 7
|p p.v.
|w 001228379
|u 000010
|a 1
|e BOA001
|j MZK50
|s P
|